000 00548nam a22001817a 4500
005 20240129134929.0
008 240129b |||||||| |||| 00| 0 eng d
020 _a9780409129236
041 _aEnglish
082 _a344.1 VAN
100 _aVan Zyl, L
_lEnglish
245 _aHandbook of the South African Law of Maintenance /
_cL Van Zyl
250 _aFourth Edition
260 _aDurban :
_bLexisNexis,
_c2016
300 _bvii, 275 pages ;
_c25 cm.
650 _aLegal practice
_bLaw
942 _cBK
_6ALISON_BN_VRIES
999 _c1291
_d1291